00503nam a2200193 a 4500001001300000003000900013005001700022008004100039020001000080082001800090100002300108245002700131260003100158300000900189500003500198505003000233650002300263700002300286nice12345678IN_TiNIC20260116011431.0050524s1900 kana grp 000 0 urd  ac10000a297.1227bQAD aQadeer, Abdul Shah aTafseer Maozahul Quran aKanpurbRazzaq Pressc1900 a636p aincludes index and biblioraphy2 aFour Parts Bound Together aQuran-Hermeneutics1 aQadeer, Abdul Shah